000 00488nam a2200157 4500
999 _c5442
_d5442
008 161103b xxu||||| |||| 00| 0 eng d
022 _a9770118389007
082 _aDPer 641.05 F73 Mar-Jul 2013
100 _916753
_aFenix, Michaela
245 _aIsrael:
_bland of promise & bounty/
_cMichaela Fenix.
260 _aQuezon City:
_bABS CBN Publishing, Inc.,
_c©2013.
300 _apages 52-55;
_c30 cm.
500 _aFood.
650 0 _916754
_aTravel and voyages
942 _2ddc
_cPER